Umaat-e-Muslama Ki Tashkil-i-Noo / (Record no. 526309)

000 -LEADER
fixed length control field 00488nam a22001697a 4500
003 - CONTROL NUMBER IDENTIFIER
control field NUST
020 ## - INTERNATIONAL STANDARD BOOK NUMBER
Qualifying information H/B
038 ## - RECORD CONTENT LICENSOR
Staff Name waseem
082 ## - DEWEY DECIMAL CLASSIFICATION NUMBER
Classification number 297
Author Mark ISM
100 ## - MAIN ENTRY--PERSONAL NAME
Personal name Ismail, Malik Azhar
9 (RLIN) 17289
245 ## - TITLE STATEMENT
Title Umaat-e-Muslama Ki Tashkil-i-Noo /
Statement of responsibility, etc. Malik Azhar Ismail
260 ## - PUBLICATION, DISTRIBUTION, ETC.
Place of publication, distribution, etc. Rawalpindi :
Name of publisher, distributor, etc. Ghani Printing,
Date of publication, distribution, etc. 2010.
300 ## - PHYSICAL DESCRIPTION
Extent 194 p. ;
880 ## - ALTERNATE GRAPHIC REPRESENTATION
Linkage 100-01\r
Title ملک اظہر اسماعیل
880 ## - ALTERNATE GRAPHIC REPRESENTATION
Linkage 245-02\r
Title اُمتِ مسلمہ کی تشکیلِ نو /
942 ## - ADDED ENTRY ELEMENTS (KOHA)
Source of classification or shelving scheme
Koha item type Book
Holdings
Withdrawn status Lost status Source of classification or shelving scheme Damaged status Not for loan Permanent Location Current Location Shelving location Date acquired Total Checkouts Full call number Barcode Date last seen Date last checked out Price effective from Koha item type
          Central Library (CL) Central Library (CL) First Floor - Islam 07/10/2019 1 297 ISM CL-E-136 09/12/2022 07/25/2022 07/10/2019 Book
© 2023 Central Library, National University of Sciences and Technology. All Rights Reserved.